00735nam 2200169 45000010005000001000041000051010008000462000220000542100045002742150023003196010056003426060086003986060022004846070014005066080025005208010020005455979 a20190729k u||y0frey50 ba afre aEncore un Noël sans nos êtres chers, plus de cent enfants disparus en Argentine, où sont-ils ? Aidez-nous à la retrouverbBrochureedes témoignages, des informations, des propositions d'action, des lettres aGenèvecJ.-L. Baumgartnerd1982 déc. a39 p.cill.d21 cm aGrands-mères de la place de MaiyArgentinez1977- aArgentine 1976-1983 : Dictature militaire Processus de réorganisation nationale aDroits de l'homme aArgentine aRecueil de documents aCHbCH-002049-8